| 000 | 00558nam a22001817a 4500 | ||
|---|---|---|---|
| 003 | CEME | ||
| 005 | 20210628210647.0 | ||
| 008 | 210211b xxu||||| |||| 00| 0 eng d | ||
| 020 | _a0-89006-958-1 | ||
| 040 | _c. | ||
| 082 | _a621.3845 PRA | ||
| 100 |
_aPrasad, Ramjee _913115 |
||
| 245 | _aUniversal wireless personal communication | ||
| 260 |
_aBOSTON _bARTECH HOUSE _c1998 |
||
| 300 | _aXIX,637P | ||
| 650 |
_aWIRELESS COMMUNICATION SYSTEMS MOBILE COMMUNICATION SYSTEMS PERSONAL COMMUNICATION SERVICE SYSTEMS CELLULAR RADIO _977910 |
||
| 942 |
_cBK _2ddc |
||
| 999 |
_c585334 _d585334 |
||